Math Quiz #4 - Addition Lvl 2 - Statistics

General Stats
  • This quiz has been taken 34 times
  • The average score is 18 of 20
Answer Stats
Problem Sum % Correct
94+6= 100
100%
74+27= 101
100%
79+22= 101
100%
70+32= 102
100%
24+78= 102
100%
54+49= 103
100%
47+56= 103
100%
74+29= 103
100%
70+34= 104
100%
61+43= 104
100%
43+62= 105
100%
51+56= 107
100%
53+54= 107
100%
70+38= 108
100%
97+11= 108
100%
83+26= 109
100%
59+50= 109
100%
35+74= 109
100%
56+53= 109
100%
82+27= 109
100%
4+7= 11
100%
29+81= 110
100%
54+56= 110
100%
37+74= 111
100%
15+97= 112
100%
34+78= 112
100%
46+66= 112
100%
48+65= 113
100%
63+50= 113
100%
75+38= 113
100%
73+41= 114
100%
42+72= 114
100%
98+16= 114
100%
45+69= 114
100%
16+99= 115
100%
74+41= 115
100%
65+51= 116
100%
18+98= 116
100%
73+44= 117
100%
75+42= 117
100%
62+56= 118
100%
47+72= 119
100%
82+37= 119
100%
38+81= 119
100%
77+42= 119
100%
35+84= 119
100%
70+50= 120
100%
38+82= 120
100%
37+83= 120
100%
41+80= 121
100%
92+29= 121
100%
57+65= 122
100%
63+60= 123
100%
81+43= 124
100%
36+89= 125
100%
83+43= 126
100%
56+70= 126
100%
55+73= 128
100%
98+30= 128
100%
30+99= 129
100%
47+82= 129
100%
66+63= 129
100%
35+94= 129
100%
6+7= 13
100%
85+45= 130
100%
62+68= 130
100%
90+40= 130
100%
65+65= 130
100%
56+74= 130
100%
98+32= 130
100%
76+55= 131
100%
56+76= 132
100%
46+86= 132
100%
39+93= 132
100%
80+54= 134
100%
60+74= 134
100%
94+40= 134
100%
70+64= 134
100%
73+61= 134
100%
69+67= 136
100%
81+55= 136
100%
71+66= 137
100%
44+95= 139
100%
6+8= 14
100%
60+80= 140
100%
43+97= 140
100%
66+76= 142
100%
47+97= 144
100%
52+93= 145
100%
70+76= 146
100%
58+88= 146
100%
99+47= 146
100%
81+66= 147
100%
66+81= 147
100%
69+80= 149
100%
62+88= 150
100%
71+80= 151
100%
78+74= 152
100%
66+86= 152
100%
83+70= 153
100%
79+74= 153
100%
61+92= 153
100%
87+67= 154
100%
83+71= 154
100%
99+57= 156
100%
77+80= 157
100%
70+88= 158
100%
73+85= 158
100%
66+92= 158
100%
80+81= 161
100%
90+72= 162
100%
96+67= 163
100%
70+93= 163
100%
96+68= 164
100%
90+74= 164
100%
77+88= 165
100%
80+86= 166
100%
91+75= 166
100%
79+87= 166
100%
87+82= 169
100%
91+78= 169
100%
92+77= 169
100%
74+98= 172
100%
83+89= 172
100%
73+99= 172
100%
88+84= 172
100%
75+97= 172
100%
87+86= 173
100%
89+86= 175
100%
94+82= 176
100%
4+14= 18
100%
87+96= 183
100%
91+93= 184
100%
94+94= 188
100%
6+13= 19
100%
95+99= 194
100%
16+4= 20
100%
7+14= 21
100%
6+16= 22
100%
8+17= 25
100%
21+5= 26
100%
5+22= 27
100%
2+25= 27
100%
23+6= 29
100%
28+2= 30
100%
23+7= 30
100%
8+23= 31
100%
25+8= 33
100%
5+29= 34
100%
21+13= 34
100%
33+1= 34
100%
11+24= 35
100%
7+30= 37
100%
2+36= 38
100%
19+19= 38
100%
21+18= 39
100%
11+28= 39
100%
17+24= 41
100%
8+33= 41
100%
18+24= 42
100%
25+18= 43
100%
7+37= 44
100%
28+18= 46
100%
13+34= 47
100%
14+34= 48
100%
9+41= 50
100%
39+12= 51
100%
14+38= 52
100%
16+37= 53
100%
9+44= 53
100%
49+4= 53
100%
26+28= 54
100%
20+34= 54
100%
11+44= 55
100%
24+31= 55
100%
51+5= 56
100%
53+5= 58
100%
25+33= 58
100%
23+35= 58
100%
1+58= 59
100%
21+39= 60
100%
14+46= 60
100%
59+1= 60
100%
29+33= 62
100%
30+32= 62
100%
11+52= 63
100%
28+36= 64
100%
24+41= 65
100%
27+38= 65
100%
55+10= 65
100%
10+56= 66
100%
3+63= 66
100%
38+28= 66
100%
14+53= 67
100%
33+34= 67
100%
46+21= 67
100%
61+7= 68
100%
12+57= 69
100%
41+28= 69
100%
4+3= 7
100%
1+70= 71
100%
67+4= 71
100%
5+67= 72
100%
31+41= 72
100%
11+62= 73
100%
41+33= 74
100%
63+12= 75
100%
44+31= 75
100%
40+36= 76
100%
47+30= 77
100%
10+67= 77
100%
56+22= 78
100%
17+61= 78
100%
45+34= 79
100%
66+14= 80
100%
11+70= 81
100%
3+78= 81
100%
7+74= 81
100%
21+60= 81
100%
55+27= 82
100%
76+6= 82
100%
16+66= 82
100%
9+74= 83
100%
52+31= 83
100%
8+76= 84
100%
15+69= 84
100%
53+31= 84
100%
24+61= 85
100%
44+42= 86
100%
54+32= 86
100%
21+65= 86
100%
14+73= 87
100%
27+61= 88
100%
63+25= 88
100%
73+15= 88
100%
50+40= 90
100%
21+69= 90
100%
77+13= 90
100%
11+80= 91
100%
43+48= 91
100%
37+55= 92
100%
64+28= 92
100%
29+63= 92
100%
32+60= 92
100%
1+91= 92
100%
71+21= 92
100%
52+40= 92
100%
45+48= 93
100%
44+50= 94
100%
31+63= 94
100%
95+1= 96
100%
26+70= 96
100%
70+26= 96
100%
59+38= 97
100%
34+64= 98
100%
48+50= 98
100%
66+32= 98
100%
8+90= 98
100%
42+56= 98
100%
33+65= 98
100%
34+65= 99
100%
42+57= 99
100%
78+21= 99
100%
44+55= 99
100%
92+58= 150
75%
33+82= 115
67%
60+75= 135
67%
45+31= 76
67%
79+1= 80
67%
84+3= 87
67%
87+2= 89
67%
57+72= 129
50%
90+48= 138
50%
96+42= 138
50%
58+95= 153
50%
58+97= 155
50%
97+96= 193
50%
41+3= 44
50%
19+39= 58
50%
20+59= 79
50%
80+13= 93
50%
54+46= 100
0%
45+55= 100
0%
53+48= 101
0%
85+16= 101
0%
80+21= 101
0%
35+67= 102
0%
19+83= 102
0%
16+87= 103
0%
88+15= 103
0%
91+12= 103
0%
6+98= 104
0%
9+95= 104
0%
8+98= 106
0%
84+23= 107
0%
71+36= 107
0%
15+92= 107
0%
88+20= 108
0%
29+80= 109
0%
57+52= 109
0%
73+37= 110
0%
27+83= 110
0%
26+84= 110
0%
30+81= 111
0%
77+34= 111
0%
87+24= 111
0%
70+42= 112
0%
80+32= 112
0%
70+44= 114
0%
78+36= 114
0%
17+97= 114
0%
73+42= 115
0%
51+64= 115
0%
60+55= 115
0%
94+21= 115
0%
23+92= 115
0%
71+45= 116
0%
17+99= 116
0%
93+23= 116
0%
83+33= 116
0%
74+43= 117
0%
20+98= 118
0%
75+43= 118
0%
65+54= 119
0%
85+35= 120
0%
73+48= 121
0%
48+73= 121
0%
67+55= 122
0%
41+82= 123
0%
58+65= 123
0%
88+35= 123
0%
67+56= 123
0%
40+84= 124
0%
28+96= 124
0%
29+95= 124
0%
30+96= 126
0%
63+63= 126
0%
53+74= 127
0%
31+96= 127
0%
93+34= 127
0%
48+80= 128
0%
73+55= 128
0%
81+47= 128
0%
91+37= 128
0%
77+52= 129
0%
78+52= 130
0%
69+61= 130
0%
69+62= 131
0%
51+80= 131
0%
35+97= 132
0%
90+43= 133
0%
51+82= 133
0%
38+97= 135
0%
86+50= 136
0%
58+78= 136
0%
59+77= 136
0%
63+76= 139
0%
84+55= 139
0%
44+97= 141
0%
59+82= 141
0%
87+56= 143
0%
53+91= 144
0%
86+59= 145
0%
58+87= 145
0%
73+73= 146
0%
63+83= 146
0%
94+52= 146
0%
71+76= 147
0%
74+74= 148
0%
55+93= 148
0%
65+83= 148
0%
90+59= 149
0%
10+5= 15
0%
79+71= 150
0%
60+91= 151
0%
54+97= 151
0%
98+53= 151
0%
87+64= 151
0%
90+63= 153
0%
66+89= 155
0%
82+73= 155
0%
83+73= 156
0%
57+99= 156
0%
69+89= 158
0%
73+87= 160
0%
66+96= 162
0%
64+99= 163
0%
94+70= 164
0%
86+80= 166
0%
92+75= 167
0%
97+70= 167
0%
74+95= 169
0%
86+84= 170
0%
85+86= 171
0%
77+94= 171
0%
88+85= 173
0%
97+88= 185
0%
98+88= 186
0%
91+95= 186
0%
99+89= 188
0%
98+91= 189
0%
96+95= 191
0%
94+98= 192
0%
17+5= 22
0%
3+21= 24
0%
6+21= 27
0%
21+8= 29
0%
28+1= 29
0%
3+27= 30
0%
22+9= 31
0%
20+13= 33
0%
13+21= 34
0%
15+20= 35
0%
22+14= 36
0%
23+13= 36
0%
16+24= 40
0%
7+34= 41
0%
35+7= 42
0%
26+17= 43
0%
30+15= 45
0%
38+7= 45
0%
23+22= 45
0%
40+6= 46
0%
45+2= 47
0%
5+42= 47
0%
14+33= 47
0%
43+5= 48
0%
43+6= 49
0%
33+17= 50
0%
6+44= 50
0%
45+6= 51
0%
36+15= 51
0%
12+40= 52
0%
17+35= 52
0%
21+32= 53
0%
2+52= 54
0%
21+33= 54
0%
52+2= 54
0%
41+13= 54
0%
25+31= 56
0%
8+49= 57
0%
9+48= 57
0%
12+45= 57
0%
29+29= 58
0%
23+36= 59
0%
42+21= 63
0%
58+5= 63
0%
33+31= 64
0%
21+46= 67
0%
20+48= 68
0%
42+26= 68
0%
18+52= 70
0%
4+66= 70
0%
2+69= 71
0%
18+54= 72
0%
62+10= 72
0%
9+63= 72
0%
51+22= 73
0%
71+2= 73
0%
35+39= 74
0%
29+45= 74
0%
6+68= 74
0%
58+17= 75
0%
14+62= 76
0%
12+67= 79
0%
56+24= 80
0%
68+12= 80
0%
29+52= 81
0%
18+63= 81
0%
58+23= 81
0%
3+79= 82
0%
71+12= 83
0%
43+40= 83
0%
66+18= 84
0%
10+74= 84
0%
3+83= 86
0%
43+43= 86
0%
19+68= 87
0%
7+81= 88
0%
10+78= 88
0%
79+10= 89
0%
66+24= 90
0%
19+71= 90
0%
24+66= 90
0%
59+32= 91
0%
47+44= 91
0%
56+35= 91
0%
28+63= 91
0%
85+8= 93
0%
39+54= 93
0%
41+53= 94
0%
15+79= 94
0%
54+40= 94
0%
10+85= 95
0%
46+49= 95
0%
82+13= 95
0%
73+23= 96
0%
37+60= 97
0%
43+54= 97
0%
40+58= 98
0%
No matching quizzes found
Score Distribution
Percent of People with Each Score
Percentile by Number Answered
Your Score History
You have not taken this quiz